| 000 | 00916nam2a22002531 4500 | ||
|---|---|---|---|
| 001 | RU\NLR\INFOCOMM15\1000078708 | ||
| 005 | 20260607144250.0 | ||
| 035 | _a(NLR Aleph) 002767288 | ||
| 090 |
_a13727827 _c13727827 |
||
| 100 | _a20040225d1959 |||y0rusy50 ca | ||
| 101 | 0 | _arus | |
| 102 | _aUA | ||
| 105 | _ay ||||||||| | ||
| 200 | 1 |
_aИсследование прочности первичных каолинов _fА.Я. Туровская |
|
| 210 | _d1959 | ||
| 461 | 0 |
_1001RU\NLR\INFOCOMM15\1000078695 _12001#$aНаучное сообщение$fМ-во пут. сообщ. Днепропетровск. ин-т инж. ж.д. транспорта им. Л.М.Кагановича$v1959, №4(13) |
|
| 700 | 1 |
_aТуровская _bА. Я. _4070 |
|
| 801 | 0 |
_aRU _bNLR _gPSBO |
|
| 801 | 1 |
_aRU _bInfoComm _c20040225 |
|
| 852 |
_aNLR _jП10/1915 |
||
| 942 | _cISSUE | ||
| 980 | _aRUSPER | ||
| 980 | _aNB | ||